| 000 | 01360nam a2200361 a 4500 | ||
|---|---|---|---|
| 999 |
_c117950 _d117950 |
||
| 003 | BLK | ||
| 005 | 20250206131615.0 | ||
| 008 | 180409b bul|||||r ||||||| ||bul|| | ||
| 010 | _aKNG00123551000 | ||
| 020 | _a978-954-527-462-6 | ||
| 040 | _aBLK | ||
| 041 |
_aBUL _cBUL |
||
| 072 | 7 |
_2bullib _aН85 _xДетска художествена литература Н |
|
| 080 |
_aФинландска литература _b821.511.111 _x-93-31 _z821.511.111-93-31 |
||
| 100 | 1 |
_aЯнсон, Туве _eпърви автор _9365645 |
|
| 139 |
_aЯнсон, Туве _bЯ 67 |
||
| 245 | 1 | 0 |
_aВ края на ноември _cТуве Янсон; ил. Туве Янсон; прев. Румяна Любенова. |
| 250 | _a2. изд. | ||
| 257 | _aFIN | ||
| 260 |
_aСофия _bДамян Яков _c2009 _fВ. Търново : Абагар |
||
| 300 |
_a176 с. _bс ил. _c22 см |
||
| 380 | _aDX | ||
| 500 | _a1. изд. 2002 на изд. Хермес. - Ориг. загл. : Sent I November / Tove Jansson. | ||
| 700 | 1 |
_aЯнсон, Туве _eил. _9365645 |
|
| 700 | 1 |
_aЛюбенова, Румяна _eпрев. _9375620 |
|
| 852 | _aЦб 251919 | ||
| 856 | 4 | _qpdf | |
| 856 | 4 | _qpdf | |
| 942 |
_cKNG _n0 _s1 _02 |
||
| 944 |
_aCR _c14.06.2011 _lСилвия Димитрова _k30538 |
||
| 944 |
_aED _c30.05.2012 _lф / |
||
| 999 | _d117950 | ||